Historia y ficción /

Guardado en:
Formato: Libro
Publicado: Buenos Aires : Ministerio de Educación, 2013
Series:Colección narrativas
Materias:
Etiquetas: Agregar Etiqueta
Sin Etiquetas, Sea el primero en etiquetar este registro!
LEADER 01604nam a22003015a 4500
001 CEM.cems018363
008 130507s2013##################000#0#####d
005 20211110173357.0
003 CEMS
245 0 0 |a Historia y ficción /  |c Dirigido Por Margarita Eggers Lan ; coordinado Por María Rosa Lojo 
260 |a Buenos Aires :  |b Ministerio de Educación,  |c 2013 
300 |a 136 p. 
490 0 |a Colección narrativas 
505 0 |a El hambre / Manuel Mujica Láinez -- Virgen Pagana / María Angélica Scotti -- Muero contento / Martín Kohan -- Buscando marido a la mulata / Cristina Bajo -- En tierra propia / Silvia Plager -- Dámasa / Elsa Fraga Vidal -- Facundo y el moro / María Rosa Lojo -- Los oficios del negro Eusebio / Pedro Orgambide -- La imagen resplandeciente / Juan José Manauta -- Enero del diecinueve / Mabel Pagano -- Esa mujer / Rodolfo Walsh -- Anotaciones sobre la guerra sucia / Héctor Tizón 
590 |a 1274.015 
020 |a 9789500010016 
082 0 4 |a 808.8 
653 |a Literatura 
653 |a Antología literaria 
653 |a Cuentos 
653 |a Biblioteca TC 
859 |a CEMS  |b BIB. CEMS - Agricultura  |h 808.8  |i H629  |p A2181.14  |t Ej.1 
859 |a CEMS  |b BIB. CEMS - 11 de abril  |h 808.982  |i M897  |p 27114.15  |t Ej.1  |v TC 
859 |a CEMS  |b BIB. CEMS - Agricultura  |h 808.8  |i H629  |p A2182.14  |t Ej.2 
859 |a CEMS  |b BIB. CEMS - Agricultura  |h 808.8  |i H629  |p A2183.14  |t Ej.3 
859 |a CEMS  |b BIB. CEMS - Agricultura  |h 808.8  |i H629  |p A2184.14  |t Ej.4 
859 |a CEMS  |b BIB. CEMS - Agricultura  |h 808.8  |i H629  |p A2858.16  |t Ej.5 
859 |a CEMS  |b BIB. CEMS - 11 de abril  |h TC  |p 1274.015  |t Ej.6